[Event "Wch FIDE Online U10 Asia qual"]
[Site "Tornelo INT"]
[Date "2020.12.13"]
[Round "6"]
[White "Suhaas, A."]
[Black "Ooi, Jayden"]
[Result "1-0"]
[WhiteElo "1522"]
[BlackElo "1780"]
[PlyCount "121"]
[EventDate "2020.12.11"]
[EventType "swiss (rapid)"]
[EventRounds "7"]
[EventCountry "ISS"]
[SourceTitle "EXT 2022"]
[Source "ChessBase"]
[SourceDate "2021.10.06"]
[SourceVersion "1"]
[SourceVersionDate "2021.10.06"]
[SourceQuality "1"]

1. Nf3 Nf6 2. d4 g6 3. g3 Bg7 4. Bg2 0-0 5. 0-0 d6 6. c4 Nc6 7. Nc3 a6 8. Bf4 Rb8 9. Rc1 Bd7 10. b3 b5 11. cxb5 axb5 12. d5 Na5 13. Nd4 b4 14. Na4 e5 15. dxe6 fxe6 16. Nc6 Nxc6 17. Bxc6 Bxc6 18. Rxc6 e5 19. Bg5 h6 20. Bxf6 Bxf6 21. e4 Rf7 22. Qd5 Kg7 23. Rfc1 Bg5 24. R1c2 h5 25. Nb2 h4 26. Nd3 Rd7 27. Qc4 Rc8 28. Nxb4 Qf6 29. Nd5 Qf3 30. Qe2 Qf7 31. Nb6 Rcd8 32. Nxd7 Rxd7 33. a4 Bd8 34. R2c3 hxg3 35. hxg3 g5 36. a5 Kg6 37. Qf3 Qe6 38. Qf5+ Qxf5 39. exf5+ Kxf5 40. a6 Bf6 41. a7 Rd8 42. Rxc7 Ra8 43. R3c6 Ke6 44. Rb7 e4 45. Ra6 Bd4 46. b4 e3 47. fxe3 Bxe3+ 48. Kg2 Ke5 49. b5 Rf8 50. Ra2 Ra8 51. b6 Bc5 52. Rb8 Rxa7 53. bxa7 Bxa7 54. Rxa7 Kf5 55. Rb6 d5 56. Ra5 Ke4 57. Rd6 d4 58. Ra4 g4 59. Raxd4+ Ke3 60. Rxg4 Ke2 61. Re4# 1-0

[Event "IND-ch U09 op 32nd"]
[Site "Ranchi"]
[Date "2018.09.20"]
[Round "8.10"]
[White "Suhaas, A."]
[Black "Dhyey, Agarwal"]
[Result "1-0"]
[WhiteElo "1327"]
[BlackElo "1187"]
[PlyCount "117"]
[EventDate "2018.09.15"]
[EventType "swiss"]
[EventRounds "11"]
[EventCountry "IND"]
[SourceTitle "EXT 2024"]
[Source "ChessBase"]
[SourceDate "2023.10.10"]
[SourceVersion "1"]
[SourceVersionDate "2023.10.10"]
[SourceQuality "1"]

1. d4 Nf6 2. c4 e6 3. Nc3 Bb4 4. Qc2 c5 5. dxc5 Bxc5 6. e3 Nc6 7. a3 b6 8. Nf3 Bb7 9. Be2 0-0 10. 0-0 a6 11. b4 Be7 12. Bb2 Qc7 13. Rfd1 Rfd8 14. Rd2 d5 15. cxd5 exd5 16. Rad1 Bd6 17. h3 Ne5 18. Nxe5 Bxe5 19. Na4 Rac8 20. Qxc7 Bxc7 21. Bf3 Ne4 22. Bxe4 dxe4 23. Bd4 b5 24. Nc5 Rb8 25. Kf1 f5 26. Ne6 Bd5 27. Nxc7 Bc4+ 28. Kg1 Rbc8 29. Nxa6 Ra8 30. Nc5 Rxa3 31. Bb2 Rxd2 32. Rxd2 Ra7 33. Rd8+ Kf7 34. Rd7+ Rxd7 35. Nxd7 g5 36. Ne5+ Ke6 37. Nxc4 bxc4 38. Kf1 h5 39. f3 g4 40. fxe4 fxe4 41. hxg4 hxg4 42. Kf2 Kd5 43. Bc3 Ke6 44. Kg3 Kf5 45. b5 Ke6 46. Kxg4 Kd6 47. Kf5 Kc5 48. g4 Kxb5 49. g5 Ka4 50. g6 Kb3 51. Bd4 c3 52. Bxc3 Kxc3 53. g7 Kd3 54. g8Q Kxe3 55. Qd5 Kf3 56. Qxe4+ Kg3 57. Qe2 Kh3 58. Kf4 Kh4 59. Qg4# 1-0